书目信息 |
| 题名: |
按摩师培训手册
|
|
| 作者: | 罗军 主编 ;沙海燕 编 | |
| 分册: | ||
| 出版信息: | 广州 广东科技出版社 2004 |
|
| 页数: | 229页 | |
| 开本: | 20cm | |
| 丛书名: | ||
| 单 册: | ||
| 中图分类: | R244.1 | |
| 科图分类: | ||
| 主题词: | 按摩疗法(中医)--手册 , 按摩疗法(中医) | |
| 电子资源: | ||
| ISBN: | 7-5359-3520-6 | |
| 000 | 00828nam0 2200265 450 | |
| 001 | 010000004233 | |
| 005 | 20060106082002.43 | |
| 010 | @a7-5359-3520-6@dCNY14.00 | |
| 092 | @aCN | |
| 100 | @a20050624d2004 ekmy0chiy0120 ea | |
| 101 | 0 | @achi |
| 102 | @aCN@b440000 | |
| 105 | @ay z 000yy | |
| 200 | 1 | @a按摩师培训手册@9an mo shi pei xun shou ce@f罗军主编@Fluo jun zhu bian@g沙海燕等编 |
| 210 | @a广州@c广东科技出版社@d2004 | |
| 215 | @a229页@d20cm | |
| 330 | @a本书在讲述基本知识的基础上,着眼于操作技能的介绍,涉及按摩专业基础、按摩的基本手法,以及按摩术、常见病症按摩疗法。 | |
| 606 | 0 | @a按摩疗法(中医)@j手册 |
| 606 | 0 | @a按摩疗法(中医) |
| 690 | @aR244.1@v4 | |
| 701 | 0 | @a罗军@Aluo jun@4主编 |
| 702 | 0 | @a沙海燕@Asha hai yan@4编 |
| 801 | 0 | @aCN@bNLC@c20060106 |
| 905 | @a10447@dR244.1@e134 | |
| 999 | @aWJ | |
| 按摩师培训手册/罗军主编/沙海燕等编.-广州:广东科技出版社,2004 |
| 229页;20cm |
| ISBN 7-5359-3520-6:CNY14.00 |
| 本书在讲述基本知识的基础上,着眼于操作技能的介绍,涉及按摩专业基础、按摩的基本手法,以及按摩术、常见病症按摩疗法。 |
| ● |
| 相关链接 |
|
|
|
|
正题名:按摩师培训手册
索取号:R244.1/134
 
预约/预借
| 序号 | 登录号 | 条形码 | 馆藏地/架位号 | 状态 | 备注 |
| 1 | 0374025 | 203740256 | 第二样本阅览室/ [索取号:R244.1/134] | 在馆 | |
| 2 | 0374026 | 203740265 | 第三借阅区/ [索取号:R244.1/134] | 在馆 | |
| 3 | 0374027 | 203740274 | 第三借阅区/ [索取号:R244.1/134] | 在馆 | |
| 4 | 0374028 | 203740283 | 第三借阅区/ [索取号:R244.1/134] | 在馆 | |
| 5 | 0374029 | 203740292 | 第三借阅区/ [索取号:R244.1/134] | 在馆 |